000 00382nam a2200181Ia 4500
008 240510s9999 xx 000 0 und d
020 _a9780349106533
041 _aEng
082 _a920
082 _bM15
100 _aMANDELA,NELSON
245 0 _aLong Walk to Freedom
260 _bUK,Little Brown
260 _c1994
300 _a628 p.
942 _2ddc
942 _cLBK
999 _c29163
_d29163
945 _a1
_bMadushi Gamage
_c1
_dMadushi Gamage